| 000 | 00558nam a22001697a 4500 | ||
|---|---|---|---|
| 005 | 20251108171948.0 | ||
| 008 | 250721s1979 xx 000 0 ara d | ||
| 082 | 1 | 4 | _a155.4/ملا |
| 100 | 1 | _aجرجس، ملاك | |
| 245 | 1 | 0 | _aلماذا يكذب الأطفال و كيف يتعلمون الصدق / |
| 264 | 1 |
_aالقاهرة : _bمكتبة المحبة، _c1979. |
|
| 300 | _a31ص | ||
| 490 | 0 | _aسلسلة مشاكل الصحة النفسية للأطفال و علاجها ؛ 4 | |
| 650 | 1 | 7 | _aالأطفال |
| 942 |
_2ddc _cBK |
||
| 999 |
_c66987 _d66987 |
||